Movies Quiz

Random Movies or Actor Quiz

Connect the Actors III Quiz Stats

 Plays Quiz not verified by Sporcle

Challenge
Share
Tweet
Embed
Score 0/21 Timer 06:00
0 Plays Today
Actor Film % Correct
Joshua Jackson (Type CTA to begin)CTA
96.4%
Vin DieselThe Fast and The Furious, Fast and Furious, Fast Five
88.4%
Will SmithHitch
75.9%
Christopher Mintz-PlasseSuperbad
68.8%
Antonio BanderasDesperado, Frida, Once Upon a Time in Mexico, Puss in Boots
66.1%
Kevin JamesI Now Pronounce You Chuck and Larry
65.2%
Cameron DiazShrek 2, Shrek the Third, Shrek Forever After
57.1%
Christopher WalkenCatch Me if You Can
56.3%
Salma HayekWild Wild West
53.6%
Seann William ScottRole Models
53.6%
Rachel McAdamsWedding Crashers
51.8%
Actor Film % Correct
Leonardo DiCaprioGangs of New York
49.1%
Steve CarellEvan Almighty
47.3%
Dane CookDan in Real Life
45.5%
Lauren GrahamThe Pacifier
42%
Paul WalkerThe Skulls
41.1%
Michael CeraScott Pilgrim vs. The World
39.3%
Jude LawSherlock Holmes
36.6%
Ryan ReynoldsWaiting...
33%
Jessica BielBlade: Trinity
30.4%
Jason SchwartzmanI Heart Huckabees
20.5%

You're not logged in!

Compare scores with friends on all Sporcle quizzes.
Join for Free
OR
Log In

You Might Also Like...

Show Comments

Extras

Top Quizzes Today


Score Distribution

Your Account Isn't Verified!

In order to create a playlist on Sporcle, you need to verify the email address you used during registration. Go to your Sporcle Settings to finish the process.

Report this User

Report this user for behavior that violates our Community Guidelines.

Details: